000 00450nam a2200181Ia 4500
001 15776
005 20260306170221.0
008 260306t2002||||xx |||||||||||||| ||und||
041 _aESP
082 _a620.0042
_bC87
100 _aCross, Nigel
_eAUT
245 0 _aMétodos de diseño:
_bestrategías para el diseño de productos
260 _c2002
300 _a190 páginas :
_c
650 _aGEN
654 _aCII
942 _cLIB
_dJUS
_fJUS
_2ddc
_n
999 _c15776
_d15776